Statistiques concernant Verbes anglais aléatoires à traduire

Cliquez ici pour prendre le quiz!

Statistiques générales

  • Ce quiz a été pris 1 296 fois
  • Le résultat moyen est 10 sur 15

Statistiques - réponses

Verbes en FrançaisVerbes à l'infinitif% Correct
ÊtreBe
100%
ChangerChange
100%
CouperCut
100%
TomberFall
100%
AimerLove
100%
JouerPlay
100%
DireSay
100%
EnvoyerSend
100%
ChanterSing
100%
DormirSleep
100%
TuerKill
98%
ConstuireBuild
97%
ChoisirChoose
97%
CuisinerCook
97%
DanserDance
97%
BoireDrink
97%
ConduireDrive
97%
MangerEat
97%
Se battre / CombattreFight
97%
AvoirHave
97%
LireRead
97%
VoirSee
97%
MarcherWalk
97%
TravaillerWork
97%
DemanderAsk
95%
OuvrirOpen
95%
NagerSwim
95%
EnseignerTeach
95%
PenserThink
95%
VenirCome
94%
TrouverFind
94%
SuivreFollow
94%
CourirRun
94%
GagnerWin
94%
DonnerGive
93%
ArrêterStop
93%
EtudierStudy
93%
VouloirWant
93%
DessinerDraw
92%
EmbrasserKiss
92%
UtiliserUse
92%
CréerCreate
91%
MourirDie
91%
AllerGo
91%
Avoir besoinNeed
91%
PrendreTake
91%
EssayerTry
91%
Se réveillerWake
91%
BloquerBlock
90%
AcheterBuy
90%
DéciderDecide
90%
FaireDo
90%
AiderHelp
90%
VivreLive
90%
Faire / CréerMake
90%
RencontrerMeet
90%
EcrireWrite
90%
AttraperCatch
89%
Voler (avec des ailes)Fly
89%
AttendreWait
89%
RêverDream
88%
GarderKeep
88%
AppelerCall
87%
SurvivreSurvive
87%
RemercierThank
87%
AccepterAccept
86%
PardonnerForgive
86%
DétesterHate
86%
CroireBelieve
85%
BrûlerBurn
85%
CoûterCost
85%
QuitterLeave
85%
PerdreLose
85%
PasserPass
85%
S'asseoirSit
85%
Rester (à un endroit)Stay
85%
RépondreAnswer
84%
RessentirFeel
84%
ApprendreLearn
84%
MettrePut
84%
VendreSell
84%
BlesserHurt
83%
CommencerStart
83%
OublierForget
82%
EntendreHear
82%
PayerPay
82%
PousserPush
82%
Tirer (avec une arme)Shoot
82%
ConfirmerConfirm
81%
EspérerHope
81%
TournerTurn
80%
Porter (des vêtements)Wear
80%
RegarderLook
79%
Sentir (des odeurs)Smell
79%
RaconterTell
79%
CasserBreak
78%
Se tenir deboutStand
78%
Voler (un objet)Steal
78%
AnnulerCancel
77%
ContinuerContinue
77%
CopierCopy
77%
Avoir / ObtenirGet
77%
MordreBite
76%
Se souvenirRemember
76%
SupporterSupport
76%
LaverWash
76%
EpelerSpell
75%
GelerFreeze
74%
CommencerBegin
73%
LaisserLet
73%
SonnerRing
73%
InclureInclude
72%
Bouger / Se déplacerMove
72%
SecouerShake
71%
CacherHide
70%
CouvrirCover
69%
FrapperHit
69%
Faire confianceTrust
69%
AjouterAdd
68%
VérifierCheck
68%
ConcernerConcern
68%
ParlerTalk
68%
MenerLead
67%
SignifierMean
67%
QuitterQuit
67%
ServirServe
67%
SouffrirSuffer
67%
SuggérerSuggest
67%
SemblerSeem
66%
IgnorerIgnore
65%
SecouerShake
65%
Etre d'accordAgree
64%
ApporterBring
64%
PromettrePromise
64%
Dépenser / PasserSpend
64%
ApparaîtreAppear
63%
DevenirBecame
63%
Gagner (de l'argent)Earn
63%
AdmirerAdmire
61%
EviterAvoid
61%
ImpressionerImpress
61%
JurerSwear
60%
Regarder / FixerWatch
60%
MouillerWet
60%
ConsidérerConsider
59%
LivrerDeliver
59%
ParierBet
58%
TranspirerSweat
57%
OffrirOffer
56%
InterdireForbid
55%
AutoriserAllow
54%
S'excuserApologize
54%
NourrirFeed
54%
ApprécierLike
52%
BattreBeat
51%
ConvaincreConvince
50%
DouterDoubt
50%
Se pencher / PlierBend
48%
AtteindreReach
48%
AdmettreAdmit
47%
CreuserDig
47%
PlongerDive
46%
CracherSpit
45%
PuerStink
45%
GlisserSlide
44%
EmprunterBorrow
43%
CraindreFear
42%
AllumerLight
41%
FermerShut
41%
ChargerLoad
40%
SaignerBleed
39%
RépandreSpread
39%
ImpliquerInvolve
38%
S'agenouillerKneel
38%
GâcherSpoil
38%
RécompenserReward
37%
AppartenirBelong
35%
Soumettre (une enquête...)Submit
33%
RéussirSucceed
33%
Arriver (un évènement)Happen
32%
RepasserIron
32%
PorterCarry
31%
PrêterLend
30%
Avoir l'intention deIntend
29%
Demander (une compétence)Require
29%
DécevoirDisappoint
28%
S'attendre àExpect
27%
RéserverBook
26%
RetarderDelay
26%
DiffuserSpread
26%
SuspendreHang
25%
SavoirKnew
24%
ParlerSay
24%
Mettre (le feu, la table...)Set
24%
BalayerSweep
24%
Être témoinWitness
24%
EclaterBurst
20%
RassemblerGather
19%
Mettre en évidenceHighlight
19%
AugmenterRaise
19%
SignalerReport
19%
FournirProvide
18%
Piquer (par un moustique)Sting
17%
Diffuser (à la télévision)Broadcast
16%
TenirHeld
16%
Surmonter (une épreuve)Overcome
16%
Se comporterBehave
15%
Fournir (en matériel)Supply
15%
PermettreLet
13%
Rester (de quelque chose)Remain
11%
Elever (des animaux)Bred
10%
CollerPaste
9%
Demander (quelque chose)Request
7%
Offrir / Faire une offreBid
5%
Mettre en place / RajouterImplement
4%
ComprendreUndestand
3%

Distribution des résultats

Percentile par nombre de réponses

% des personnes avec chaque résultat

Votre développement - résultats

Vous n’avez pas pris ce quiz